00357nam a22001337a 4500003000900000001000700009007000300016008003600019100001700055700001200072040003300084245009800117650000800215UA-OsUOA 5321 ta20050721b un ||||| |||| 00| 0 ukr d aТурчак aО. М. aUA-OsUOAcUA-OsUOAdUA-OsUOA aВплив норман. фр. мови на склад англ. мови у .....bBA Paper 72UDC